Statistics for Biggest Cities in Texas

Click here to take the quiz!

General Stats

  • This quiz has been taken 63,314 times
    (7,783 since last reset)
  • The average score is 13 of 30

Answer Stats

Population City % Correct
2,320,268Houston
99%
1,343,573Dallas
99%
978,908Austin
95%
1,547,253San Antonio
89%
681,728El Paso
87%
909,585Fort Worth
82%
326,586Corpus Christi
63%
199,371Amarillo
56%
139,236Waco
51%
258,862Lubbock
50%
398,854Arlington
48%
182,781Brownsville
46%
262,491Laredo
42%
287,677Plano
40%
123,334Odessa
34%
143,268McAllen
33%
146,038Midland
33%
123,420Abilene
29%
239,798Irving
26%
141,541Denton
25%
133,372Round Rock
22%
200,490Frisco
22%
239,928Garland
21%
199,177McKinney
20%
151,227Pasadena
20%
151,666Killeen
20%
140,937Mesquite
17%
194,543Grand Prairie
15%
122,460Pearland
14%
139,248Carrollton
13%

Score Distribution

Percentile by Number Answered

Percent of People with Each Score

Your Score History

You have not taken this quiz since the last reset